| 000 | 02554cam a22005174i 4500 | ||
|---|---|---|---|
| 003 | PE-LiUPU | ||
| 005 | 20250731172753.0 | ||
| 008 | 150617s r 000 0 d | ||
| 020 | _a8472281469 | ||
| 035 | _a(Sirsi) i9788472281462 | ||
| 040 |
_aPE-LiUPU _bspa _cPE-LiUPU _erda |
||
| 049 | _aPRUA | ||
| 082 | 0 | 4 |
_a213 _bT27 _221 |
| 100 | 1 |
_aTailor, Hebden, _eautor. |
|
| 245 | 1 | 0 |
_aEvolución o reformación en la biología / _cHebden Tailor; [versión Francisco Cazorla Olmo]. |
| 264 | 1 |
_aMichigan : _bTself, _c1974. |
|
| 300 |
_a143 páginas ; _c18 centímetros. |
||
| 336 |
_atext _2rdacontent |
||
| 337 |
_aunmediated _2rdamedia |
||
| 338 |
_avolume _2rdacarrier |
||
| 490 | 0 | _aPerspectivas cristianas | |
| 504 | _aIncluye bibliografía. | ||
| 505 | 0 | _aLa teoría general y la teoría especial de la evolución -- La evidencia paleontológica contra la teoría general de la evolución -- La evidencia genética contra la teoría general de la evolución -- La selección natural -- La evidencia embriológica contra la teoría general de la evolución -- La visión reformada del hombre -- La acomodación de la iglesia por la ciencia natural secular -- La necesidad de una reforma de la ciencia biológica -- La teoría científica reformada de las esferas modales de creación -- La visión reformada entre teología y biología -- El rechazo científico reformado de la idea de la substancia -- El falso dilema de vitalismo contra mecanismo. | |
| 526 | _aSEG42 | ||
| 526 | _aSEG41 | ||
| 526 | _aSEG40 | ||
| 526 | _aSEG39 | ||
| 526 | _aP94 | ||
| 526 | _aP87 | ||
| 526 | _aP86 | ||
| 526 | _aP85 | ||
| 526 | _aP77 | ||
| 526 | _aP76 | ||
| 526 | _aP35 | ||
| 650 | 0 | 4 |
_aEvolución. _9946 |
| 910 |
_ajck _bjvq _cjck _d20150616 |
||
| 942 |
_2ddc _cBOOK |
||
| 949 |
_a213 T27 _wDEWEY _c1 _i19383 _lCCODEBUL1 _mBUL _r0 _sY _tBOOK _u2015-6-17 _xTEOLOGIA _PP35 _0COMPRA _o.STAFF. Colección general |
||
| 949 |
_a213 T27 _wDEWEY _c2 _i19382 _lCCODEBUL1 _mBUL _r0 _sY _tBOOK _u2015-6-17 _xTEOLOGIA _PP35 _0COMPRA _o.STAFF. Colección general |
||
| 994 |
_aC0 _bPEPRU |
||
| 596 | _a1 | ||
| 999 |
_a213 T27 _wDEWEY _c2927 _i19383 _d2927 _e2019-9-13 _f2021-11-11 _g5 _lCCODEBUL1 _mBUL _n2 _q1 _r0 _sY _tBOOK _u2015-6-17 _xTEOLOGIA _PP35 _0COMPRA _o.STAFF. Colección general |
||
| 999 |
_a213 T27 _wDEWEY _c2 _i19382 _d2018-8-16 _f2021-11-11 _g5 _lCCODEBUL1 _mBUL _q1 _r0 _sY _tBOOK _u2015-6-17 _xTEOLOGIA _PP35 _0COMPRA _o.STAFF. Colección general |
||
| 980 |
_81 _gALBERTO SANCHEZ Responsable de Automatización |
||